000
00259nam a2200097Ia 4500
008
220204s9999 xx 000 0 und d
082
_a
5(031)
_b
RAI
245
0
_a
Raintree illustrated science encyclopedia. 20 V
260
_a
Toronto
_b
Raintree
_c
1979
942
_c
BK
999
_c
34071
_d
34071